| 000 | 01082nam a2200289 a 4500 | ||
|---|---|---|---|
| 005 | 20070119085348.0 | ||
| 008 | 060831s2006 ii b 000 0 eng | ||
| 010 | _aENG-91354 | ||
| 020 |
_a8186921362 _c300.00 |
||
| 020 |
_a9788186921364 _c300.00 |
||
| 035 | _aEN-74887 | ||
| 037 | _bDBAD / PUB | ||
| 040 |
_adpl _bEnglish |
||
| 082 | _a181.4 | ||
| 100 | _aLysenko, Victoria, 1953- | ||
| 245 |
_aClassical Indian philosophy reinterpreted / _cby Victoria Lysenko [and] Michel Hulin |
||
| 260 |
_aNew Delhi : _bDecent Books _c2007 |
||
| 260 |
_aKolkata _bJadavpur University _c2007 |
||
| 300 |
_avi, 155p. _c23 cm (Hb) |
||
| 500 | _aIncludes bibliographical references and index | ||
| 520 | _aHistory of Kashmiri Pandits and Kashmir, India. | ||
| 650 | _aPhilosophy, Hindu. | ||
| 650 | _aPhilosophy, Indic. | ||
| 700 | _aHulin, Michel | ||
| 942 |
_2ddc _cEN _h181.4 _mLYS |
||
| 999 |
_c16842 _d16842 |
||